|
|
|
|
| LEADER |
02250nam a2200349 a 4500 |
| 001 |
014780542 |
| 003 |
BD-DhAAL |
| 008 |
091006r20082005enka 001 0 eng d |
| 010 |
|
|
|a 84007527
|
| 020 |
|
|
|a 8130900068
|
| 020 |
|
|
|a 9788130900063
|
| 040 |
|
|
|a Uk
|c eng
|d Uk
|d BD-DhAAL
|
| 082 |
0 |
4 |
|a 615.1076
|2 22
|
| 245 |
0 |
0 |
|a MCQ's in pharmacy practice /
|c edited by Lilian M. Azzopardi.
|
| 260 |
|
|
|a London :
|b Pharmaceutical Press, ;
|a New Delhi :
|b Viva Books
|c 2005. [Reprinted 2008]
|
| 300 |
|
|
|a xxix, 337 pages :
|b illustrations ;
|c 24 cm.
|
| 490 |
|
0 |
|a Westview special studies in social, political, and economic development
|
| 500 |
|
|
|a Originally published: 2004.
|
| 504 |
|
|
|a Includes bibliographical references and index.
|
| 526 |
|
|
|x M. I. Ayub
Department of Mathematics and Natural Sciences
Course name and no. "not available"
|
| 541 |
1 |
|
|a Karim International
|e 00019290
|
| 650 |
|
0 |
|a Pharmacy
|v Examinations, questions, etc.
|9 43767
|
| 650 |
|
0 |
|a Family planning
|z Developing countries
|v Congresses.
|9 43768
|
| 650 |
|
0 |
|a Health services administration
|z Developing countries
|v Congresses.
|9 43769
|
| 650 |
|
0 |
|a Pharmacy.
|9 43771
|
| 700 |
1 |
|
|a Azzopardi, Lilian M.
|9 43770
|
| 852 |
4 |
|
|a Ayesha Abed Library
|j General shelf
|
| 942 |
0 |
0 |
|0 1
|2 ddc
|c BK
|
| 999 |
|
|
|c 4249
|d 4249
|
| 952 |
|
|
|0 0
|1 0
|2 ddc
|4 0
|6 615_107600000000000_MCQ_2005
|7 0
|9 3913
|a BRACUL
|b BRACUL
|c GEN
|d 2009-10-05
|e Karim Interantional
|g 498.00
|l 10
|m 79
|o 615.1076 MCQ
|p 3010019290
|r 2025-03-20
|s 2025-03-16
|t 1
|v 996.00
|w 2009-10-06
|y BK
|x Requisitioned by M.I.Ayub, Department of Mathematics and Natural Sciences,Course name and no. "not available"
|
| 952 |
|
|
|0 0
|1 0
|2 ddc
|4 0
|6 615_107600000000000_MCQ_2005
|7 0
|9 3914
|a BRACUL
|b BRACUL
|c GEN
|d 2009-10-05
|e Karim Interantional
|g 498.00
|l 12
|m 76
|o 615.1076 MCQ
|p 3010019291
|r 2025-04-30
|s 2025-01-12
|t 2
|v 996.00
|w 2009-10-06
|y BK
|x Requisitioned by M.I.Ayub, Department of Mathematics and Natural Sciences, . Course name and no. "not available"
|
| 952 |
|
|
|0 0
|1 0
|2 ddc
|4 0
|6 615_107600000000000_MCQ_2005
|7 0
|9 3915
|a BRACUL
|b BRACUL
|c GEN
|d 2009-10-05
|e Karim Interantional
|g 498.00
|l 9
|m 76
|o 615.1076 MCQ
|p 3010019292
|r 2025-07-05
|s 2024-11-13
|t 3
|v 996.00
|w 2009-10-06
|y BK
|x Requisitioned by M.I.Ayub, Department of Mathematics and Natural Sciences,Course name and no. "not available"
|